God or Caesar? : The writing of fiction for beginners.

Bibliographic Details
Main Author: Fisher, Vardis, 1895-1968
Format: Book
Language:English
Published: Caldwell, Idaho : Caxton Printers, 1953.
Subjects:

MARC

Tag First Indicator Second Indicator Subfields
LEADER 00000cam a2200000 4500
001 in00000030615
005 20151007062945.0
008 721228s1953 idu 00000 eng u
010 |a  52011875  
035 |a (OCoLC)00526063 
035 |9 AAD6195AM 
040 |c OUN  |d TXA  |d UtOrBLW 
049 |a TXAM  |c [222459] 
050 0 |a PN3355  |b .F5 
082 0 |a 808.3 
092 |a 808.3  |b F536g 
100 1 |a Fisher, Vardis,  |d 1895-1968. 
245 1 0 |a God or Caesar? :  |b The writing of fiction for beginners. 
264 1 |a Caldwell, Idaho :  |b Caxton Printers,  |c 1953. 
300 |a 271 pages ;  |c 24 cm. 
336 |a text  |b txt  |2 rdacontent 
337 |a unmediated  |b n  |2 rdamedia 
338 |a volume  |b nc  |2 rdacarrier 
650 0 |a Fiction  |x Technique. 
999 |a MARS 
999 f f |s 964995c7-1ecc-36d8-b254-eaf19a54984c  |i 1c6a4fe9-f9bc-37a6-9289-c8421c67b2d8  |t 0 
952 f f |p ric  |a Texas A&M University  |b Rellis Campus  |c Joint Library Facility  |d Remote Storage  |t 0  |e PN3355 .F5  |h Library of Congress classification  |i unmediated -- volume  |m A14801198201 
998 f f |a PN3355 .F5  |t 0  |l Remote Storage